Social-Media-Plattformen am Logo erkennen - Statistiken

Allgemein
  • Dieses Quiz wurde 303 mal gespielt
  • Das Durchschnittsergebnis liegt bei 14 aus 16
Antwortstatistiken
Bildquiz Antwort % Korrekt
TikTok
100%
YouTube
100%
Facebook
99%
WhatsApp
99%
Instagram
98%
Snapchat
98%
BeReal
96%
Twitch
96%
X
93%
Discord
91%
Pinterest
91%
Skype
90%
Reddit
85%
LinkedIn
75%
Threads
59%
XING
48%
Keine übereinstimmenden Quizze gefunden
Verteilung der Resultate
Anzahl Personen mit jedem Resultat
Perzentil nach korrekt beantworteten Fragen
Ihre Resultats-Entwicklung
Sie haben dieses Quiz noch nicht gespielt